00639nam a22001812 4500001001100000005001700011008004100028020002700069040001500096245011600111260003400227300001600261650002500277650005200302650002700354700003900381700003700420000000925920151217152052.0080917s xx 000 0 eng d a0521007763 :cKES 2800 aKABUcKABU14aThe Psychology of abilities, competencies, and expertise /cedited by Robert J. Sternberg, Elena L. Grigorenko. aCambridge :bC. U. P.,c2003. axi, 280 p. 0aAbility.@0000160425 0aPerformancexPsychological aspects.@0000160426 0aExpertise.@00001604271 a Sternberg, Robert J.@00001579701 aGrigorenko, Elena L.@0000160428